000 00446nam a22001697a 4500
003 MPLRDC
005 20220104124539.0
008 210129b ||||| |||| 00| 0 eng d
082 _a859.61 GSN v.8
100 _a不详
245 _a美国自由女神雕像是谁赠送的?
_c
260 _a
_b高艺企业有限公司
_c
300 _b
490 _a告诉你, 为什么? 系列. 8
650 _a儿童知识
942 _cBK
_o859.61 GSN v.8
999 _c20213
_d20203